00298nam a2200121Ia 4500008004100000100001400041245005700055260001900112300000900131650001400140942000700154999001500161190216s9999||||xx |||||||||||||| ||und|| aSingh S K 0aPublic Finance In Developed And Developing Countries bOrient Longman a547p aEconomics cBK c9588d9588